1013 1929 1394 1600 1843 1072 1242 1474 1212 1552 1726 1682 1322 1015 1247 1140 1863 1033 1333 1700 1394 1547 1408 1745 1817 1274 1002 1513 1880 1427 1964 1386 1636 1082 1053 1144 1555 1084 1712 1583 1126 1070 1814 1454 1112 1819 1449 1902 1625 1053 1766 1125 1889 1283 1040 1129 1723 1296 1784 1228 1633 1971 1252 1166 1856 1555 1416 1942 1892 1906 1089 1099 1234 1348 1146 1913 1623 1861 1755 1753 1245 1231 1990 1967 1398 1813 1906 1300 1307 1157 1224 1233 1953 1724 1120 1318 1785 1027 1724 BCNSPRNW ULIB Ver.6.0+V

เปลี่ยนเป็นภาษาไทย

Change to English
 แสดงรายละเอียดบรรณานุกรม
  กลับหน้าหลัก

Brief Record : Get Marc (ISO 2709) : E-mail record : QR code < ปิดหน้าต่าง
LEADER : 00000nam 2200000uu 4500
001    13399113177
003     ULIB
008    110930s2545||||th 000 0 tha d
020    9745344567
041 1  tha^heng
050  4 QA76^bย327พ 2545
245 00 พจนานุกรมคอมพิวเตอร์และอินเทอร์เน็ต =^bComputer & internet dictionary /^cยืน ภู่วรวรรณ, บรรณาธิการ
246 30 Computer & internet dictionary
260    กรุงเทพฯ :^bซีเอ็ดยูเคชั่น,^c2545
300    vi, 569 หน้า :^bภาพประกอบ ;^c15 ซม.
650  4 คอมพิวเตอร์^vพจนานุกรม
650  4 อินเตอร์เน็ต^vพจนานุกรม
700 0  ยืน ภู่วรวรรณ,^eบรรณาธิการ
945    ^p165^l0^i027311
995    ทศพร
999 ^a ศิริพร
รายการนี้ยังไม่มีแท็ก
คุณยังไม่ได้ล็อกอิน คุณสามารถมีกิจกรรมร่วมกับเว็บไซต์ได้ แต่ต้องล็อกอินก่อน ::
  ล็อกอิน

รายการสื่อสารสนเทศ

ลำดับที่ ประเภท เลขเรียก/บาร์โค้ด สถานที่ สถานะ
- ไม่พบข้อมูล -

BibComment


ยังไม่เคยถูกคอมเมนท์

คอมเมนท์ทรัพยากรรายการนี้
  คอมเมนท์: พจนานุกรมคอมพิวเต..


 Copyright 2026. Bcnsprnw @Library